| 000 | 00599nam a22001937a 4500 | ||
|---|---|---|---|
| 005 | 20251108171157.0 | ||
| 008 | 250721s1993 xx 000 0 ara d | ||
| 082 | 1 | 4 | _a210.413343/شام |
| 100 | 1 | _aالشامي، أبو محمد جمال بن محمد | |
| 245 | 1 | 0 | _aوقاية الإنسان من السحر و الجان و الشيطان / |
| 250 | _aط2. | ||
| 264 | 1 |
_aعمان : _bدار الإسراء، _c1993. |
|
| 300 | _a159 ص | ||
| 650 | 1 | 7 | _aالإسلام و السحر |
| 650 | 1 | 7 | _aالسحر |
| 650 | 1 | 7 | _aالقرآن و السحر |
| 942 |
_2ddc _cBK |
||
| 999 |
_c58579 _d58579 |
||